| 000 | 01209nam0a2200337 4500 | ||
|---|---|---|---|
| 001 | RU\NLR\BIBL_A\011393842 | ||
| 005 | 20260405122054.0 | ||
| 010 |
_a978-5-9925-1187-1 _91500 |
||
| 021 |
_aRU _b2017-31529 _92323 |
||
| 035 | _a(RuMoRGB)008871312 | ||
| 035 | _a(NLR Aleph) 011393842 | ||
| 090 |
_a11467114 _c11467114 |
||
| 100 | _a20170525d2017 |||y0rusy50 ca | ||
| 101 | 0 | _aeng | |
| 102 | _aRU | ||
| 105 | _ay z 000ay | ||
| 200 | 1 |
_aAgnes Grey _e[книга для чтения на английском языке] _fAnne Brontë _gкомментарии и словарь Е. Г. Тигонен |
|
| 210 |
_aМосква _cКаро _d2017 |
||
| 215 |
_a316, [2] с. _d17 |
||
| 225 | 1 |
_aEnglish _iClassical literature |
|
| 300 | _aВ вып. дан.: Агнес Грей / Энн Бронте | ||
| 333 | _a16+ | ||
| 517 | 1 | _aАгнес Грей | |
| 606 | 1 |
_aАнглийский язык _jКниги для чтения _9972309 _3RU\NLR\AUTH\6646032 |
|
| 686 |
_aШ143.21-947 _2rubbk |
||
| 686 | 1 | _aШ143.21-93рус91 | |
| 700 | 1 |
_8eng _7ba _aBrontё _bA. _f1820-1849 _gAnne _3RU\NLR\AUTH\7747990 _930925 |
|
| 942 | _cBOOK | ||
| 980 | _aNB | ||